Cò trắng vườn chim Giải khuyến khích sáng tác văn học thiếu nhi
v.v...
Đã lưu trong:
| Tác giả chính: | |
|---|---|
| Định dạng: | Sách |
| Năm xuất bản: |
TP.Hồ Chí Minh
Nxb Trẻ
1997
|
| Chủ đề: | |
| Tags: |
Thêm thẻ
Không có thẻ, Hãy là người đầu tiên gắn thẻ bản ghi này!
|
| LEADER | 01155nam a2200229 4500 | ||
|---|---|---|---|
| 082 | |a 895.922334 |b K310H | ||
| 100 | |a Kim Hài | ||
| 245 | |a Cò trắng vườn chim |b Giải khuyến khích sáng tác văn học thiếu nhi |c Kim Hài | ||
| 260 | |a TP.Hồ Chí Minh |b Nxb Trẻ |c 1997 | ||
| 300 | |a 213tr. |c 18cm | ||
| 520 | |a v.v... | ||
| 653 | |a Văn học hiện đại | ||
| 653 | |a thế kỉ 20 | ||
| 653 | |a Việt Nam | ||
| 653 | |a Truyện ngắn | ||
| 653 | |a thiếu nhi | ||
| 942 | |2 ddc |c STK0 | ||
| 999 | |c 10363 |d 10363 | ||
| 952 | |0 0 |1 0 |2 ddc |4 0 |6 895_922334000000000_K310H |7 0 |8 800 |9 80618 |a qbu |b qbu |c D5 |d 2015-07-23 |g 13000 |o 895.922334 K310H |p 9922.c1 |r 0000-00-00 |w 2015-07-23 |y STK0 | ||
| 952 | |0 0 |1 0 |2 ddc |4 0 |6 895_922334000000000_K310H |7 0 |8 800 |9 80619 |a qbu |b qbu |c D5 |d 2015-07-23 |g 13000 |o 895.922334 K310H |p 9922.c2 |r 0000-00-00 |w 2015-07-23 |y STK0 | ||
| 952 | |0 0 |1 0 |2 ddc |4 0 |6 895_922334000000000_K310H |7 0 |8 800 |9 80620 |a qbu |b qbu |c D5 |d 2015-07-23 |g 13000 |o 895.922334 K310H |p 9922.c3 |r 0000-00-00 |w 2015-07-23 |y STK0 | ||
| 952 | |0 0 |1 0 |2 ddc |4 0 |6 895_922334000000000_K310H |7 0 |8 800 |9 80621 |a qbu |b qbu |c D5 |d 2015-07-23 |g 13000 |o 895.922334 K310H |p 9922.c4 |r 0000-00-00 |w 2015-07-23 |y STK0 | ||